[Event "Druzynowe Mistrzostwa Polski Juniorow - II liga"]
[Site "Sypniewo k. Jastrowia"]
[Date "2023-06-22"]
[Round "9.16"]
[White "Szopa, Emilia"]
[Black "Lopusiewicz, Marta"]
[Result "1-0"]
[WhiteTitle "I++"]
[BlackTitle "II+"]
[WhiteElo "1697"]
[BlackElo "1153"]

1. e4 2. c5 3. Ne2 4. e6 5. g3 6. Nc6 7. Bg2 8. Nf6 9. d3 10. d5 11. Nd2 12. Be7
13. O-O 14. O-O 15. Nc3 16. b6 17. f4 18. Bb7 19. e5 20. Nd7 21. Nf3 22. f6 23.
exf6 24. Bxf6 25. f5 26. d4 27. Ne4 28. exf5 29. Nd6 30. Be7 31. Nxb7 32. Qc7
33. Nxc5 34. bxc5 35. Bf4 36. Bd6 37. Ng5 38. Bxf4 39. Bd5+ 40. Kh8 41. Rxf4 42.
Nf6 43. Ne6 44. Qd6 45. Bxc6 46. Qxe6 47. Bxa8 48. Rxa8 49. Qf3 50. Rb8 51. Rxf5
52. Rxb2 53. Qa8+ 54. Ng8 55. Raf1 56. Rxc2 57. Rf8 58. Qe3+ 59. Kh1 60. h6 61.
Rxg8+ 62. Kh7 63. Rh8+ 64. Kg6 65. Qc6+ 66. Kg5 67. Qd5+ 68. Kg6 69. Qf5# 1-0

[Event "Druzynowe Mistrzostwa Polski Juniorow - II liga"]
[Site "Sypniewo k. Jastrowia"]
[Date "2023-06-22"]
[Round "9.17"]
[White "Michalska, Lena"]
[Black "Pajak, Patrycja"]
[Result "1-0"]
[WhiteTitle "I"]
[BlackTitle "I"]
[WhiteElo "1461"]
[BlackElo "1268"]

1. c4 2. Nf6 3. b3 4. g6 5. Bb2 6. Bg7 7. g3 8. O-O 9. Bg2 10. d6 11. d4 12. Nbd7
13. e3 14. e5 15. Ne2 16. Rb8 17. O-O 18. b6 19. Nbc3 20. Bb7 21. d5 22. a5 23.
Nc1 24. Nc5 25. Nd3 26. Nfd7 27. e4 28. Nxd3 29. Qxd3 30. Nc5 31. Qd2 32. Bc8
33. Ne2 34. f5 35. f3 36. Bf6 37. Qc2 38. b5 39. cxb5 40. Rxb5 41. Nc3 42. Rb8
43. Ba3 44. Ba6 45. Rfd1 46. fxe4 47. fxe4 48. Bg5 49. Bc1 50. Bxc1 51. Raxc1
52. Qg5 53. Qd2 54. Qxd2 55. Rxd2 56. Rf6 57. Bf1 58. Bxf1 59. Rxf1 60. Rbf8 61.
Rxf6 62. Rxf6 63. Rf2 64. Kg7 65. Rxf6 66. Kxf6 67. Kf2 68. h5 69. Ke3 70. Ke7
71. Nd1 72. Na6 73. Nb2 74. Nb4 75. a4 76. Nc2+ 77. Kd2 78. Nd4 79. Kc3 80. c6
81. Nc4 82. cxd5 83. exd5 84. Kd7 85. Nxa5 86. Kc7 87. b4 88. Kb6 89. Nc4+ 90.
Kc7 91. b5 92. Nf5 93. a5 94. Kb7 95. Kb4 96. e4 97. Kc3 98. g5 99. a6+ 100. Ka7
101. Na5 102. Ne7 103. Nc6+ 104. Nxc6 105. bxc6 106. Kxa6 107. Kd4 108. Kb6 109.
Kxe4 110. h4 111. Kf5 112. hxg3 113. hxg3 114. g4 115. Kxg4 1-0

[Event "Druzynowe Mistrzostwa Polski Juniorow - II liga"]
[Site "Sypniewo k. Jastrowia"]
[Date "2023-06-22"]
[Round "9.18"]
[White "Kulig, Pawel"]
[Black "Szymkiewicz, Witold"]
[Result "1/2-1/2"]
[WhiteTitle "I"]
[BlackTitle "I+"]
[WhiteElo "1969"]
[BlackElo "1820"]

1. d4 2. d5 3. c4 4. e6 5. Nc3 6. Nf6 7. cxd5 8. Nxd5 9. e4 10. Nxc3 11. bxc3 12.
c5 13. Rb1 14. cxd4 15. cxd4 16. Nc6 17. Bb5 18. a6 19. Bxc6+ 20. bxc6 21. Nf3
22. a5 23. O-O 24. Ba6 25. Qc2 26. Rc8 27. Rd1 28. Bb4 29. a3 30. Bd6 31. e5 32.
Be7 33. a4 34. O-O 35. Be3 36. Qc7 37. Rdc1 38. Rfd8 39. Nd2 40. Ba3 41. Ne4 42.
Bxc1 43. Rxc1 44. c5 45. Ng5 46. g6 47. Qe4 48. Qe7 49. dxc5 50. Rd5 51. h4 52.
Rcd8 53. Kh2 54. Qc7 55. f4 56. h6 57. Nh3 58. Rd1 59. Rxd1 60. Rxd1 61. h5 62.
gxh5 63. c6 64. Rd5 65. Qf3 66. Qxc6 67. Qxh5 68. Qc2 69. Qxh6 70. Qg6 71. Qxg6+
fxg6 72. Ng5 73. Bc8 74. Ne4 75. Rd3 76. Bb6 77. Ra3 78. Nf6+ 79. Kf7 80. Ne4
81. Ke8 82. Nd6+ 83. Kd7 84. Bxa5 85. Rxa4 86. Bd2 87. Ra2 88. Be3 89. Ba6 90.
Kg3 91. Bf1 92. Bf2 93. Bd3 94. Kf3 95. Kc6 96. g4 97. Be2+ 98. Kg3 99. Bxg4 100.
Kxg4 101. Rxf2 102. Nf7 103. Rg2+ 104. Kf3 105. Rg1 106. Ke4 107. Re1+ 108. Kd4
109. Ra1 110. Nh8 111. Rg1 112. Nf7 113. Kd7 114. Ng5 115. Ra1 116. Ke4 117. Rg1
118. Kd4 119. Rg2 120. Nf3 121. Kc6 122. Ke4 123. Re2+ 124. Kd3 125. Ra2 126.
Ng5 127. Kd5 128. Ke3 129. Ra3+ 130. Kf2 131. Rb3 132. Kg2 133. Ra3 134. Kf2 135.
Ra2+ 136. Ke3 137. Ra1 138. Kf3 139. Rg1 140. Nh3 141. Rh1 142. Ng5 143. Rh5 144.
Kg4 145. Rh1 1/2-1/2

[Event "Druzynowe Mistrzostwa Polski Juniorow - II liga"]
[Site "Sypniewo k. Jastrowia"]
[Date "2023-06-22"]
[Round "9.19"]
[White "Jankowski, Franciszek"]
[Black "Ochalik, Filip"]
[Result "0-1"]
[WhiteTitle "I"]
[BlackTitle "I"]
[WhiteElo "1533"]
[BlackElo "1697"]

1. d4 2. Nf6 3. c4 4. c5 5. d5 6. g6 7. Nc3 8. Bg7 9. e4 10. d6 11. Nf3 12. O-O
13. Bd3 14. e6 15. O-O 16. exd5 17. cxd5 18. a6 19. a4 20. Bg4 21. h3 22. Bxf3
23. Qxf3 24. Nbd7 25. Bf4 26. Qc7 27. Rac1 28. Nh5 29. Bh2 30. Ne5 31. Qe3 32.
Nxd3 33. Qxd3 34. Rae8 35. g4 36. Nf6 37. f4 38. c4 39. Qc2 40. Qc5+ 41. Kg2 42.
h5 43. g5 44. Nd7 45. Rcd1 46. b5 47. Bg1 48. Qb4 49. f5 50. Be5 51. Bd4 52. Bxd4
53. Rxd4 54. Qc5 55. Rd2 56. b4 57. Ne2 58. b3 59. Qb1 60. Qe3 61. Qe1 62. Qxe4+
63. Kh2 64. Ne5 65. Qg3 66. Nd3 67. fxg6 68. fxg6 69. Nc3 70. Qe5 71. Rxf8+ 72.
Kxf8 73. Qxe5 74. Rxe5 75. h4 76. Ke7 77. Kg3 78. Re3+ 79. Kg2 80. Nxb2 81. Rxb2
82. Rxc3 83. Kf1 84. Rc2 85. Rb1 86. b2 0-1

[Event "Druzynowe Mistrzostwa Polski Juniorow - II liga"]
[Site "Sypniewo k. Jastrowia"]
[Date "2023-06-22"]
[Round "9.20"]
[White "Futyma, Dawid"]
[Black "Krogulski, Maksymilian"]
[Result "1-0"]
[WhiteTitle "I"]
[BlackTitle "I"]
[WhiteElo "1685"]
[BlackElo "1467"]

1. d4 2. d5 3. c4 4. c6 5. Nf3 6. e6 7. Nc3 8. dxc4 9. e4 10. b5 11. a3 12. Nf6
13. Be2 14. Be7 15. O-O 16. Bb7 17. Be3 18. O-O 19. Qc2 20. Nbd7 21. h3 22. Qc7
23. Nd2 24. Rac8 25. f4 26. a6 27. e5 28. Nd5 29. Nxd5 30. cxd5 31. Rac1 32. Nb6
33. f5 34. exf5 35. Qxf5 36. Rce8 37. Bd3 38. g6 39. Qg4 40. f5 41. Rxf5 42. Bc8
43. Rxf8+ 44. Rxf8 45. Qg3 46. Qc6 47. Bh6 48. Rf7 49. Nf3 50. Bf5 51. e6 52.
Qxe6 53. Re1 54. Qc8 55. Bxf5 56. Qxf5 57. Qc7 58. Nc8 59. Re5 60. Qb1+ 61. Kh2
62. Rxf3 63. gxf3 64. Qxb2+ 65. Kg3 66. Bh4+ 67. Kxh4 68. Qf2+ 69. Kg5 70. Qg3+
71. Kf6 72. Qxf3+ 73. Ke6 74. Qxh3+ 75. Kxd5 76. Qf3+ 77. Kc5 78. Qxa3+ 79. Kc6
80. Qf3+ 81. d5 82. Qf6+ 83. Re6 84. Ne7+ 85. Qxe7 86. Qxe7 87. Rxe7 88. c3 89.
Kd6 90. b4 91. Re8+ 92. Kf7 93. Rf8# 1-0

[Event "Druzynowe Mistrzostwa Polski Juniorow - II liga"]
[Site "Sypniewo k. Jastrowia"]
[Date "2023-06-22"]
[Round "9.21"]
[White "Serafin, Franciszek"]
[Black "Krzyzek, Daniel"]
[Result "0-1"]
[WhiteTitle "II"]
[BlackTitle "II"]
[WhiteElo "1257"]
[BlackElo "1244"]

1. d4 2. Nf6 3. c4 4. g6 5. Nc3 6. Bg7 7. e4 8. d6 9. Nf3 10. O-O 11. Be3 12. Nbd7
13. h3 14. e5 15. d5 16. a5 17. Be2 18. Nc5 19. Nd2 20. Nfd7 21. O-O 22. f5 23.
f3 24. f4 25. Bf2 26. Rf7 27. Nb3 28. Bf8 29. Nxc5 30. Nxc5 31. Na4 32. b6 33.
Nxc5 34. bxc5 35. Qd2 36. Rg7 37. Bd1 38. g5 39. Be2 40. h5 41. Be1 42. Qf6 43.
Rc1 44. Qg6 45. Rc2 46. Be7 47. Bd1 48. g4 49. fxg4 50. hxg4 51. Bxg4 52. Bxg4
53. hxg4 54. Qxg4 55. Qe2 56. Qg6 57. Qf3 58. Kf7 59. g3 60. Rag8 61. Rg2 62.
Ke8 63. Bxa5 64. Qh6 65. g4 66. Bh4 67. Qb3 68. Rxg4 69. Qb5+ 70. Ke7 0-1

[Event "Druzynowe Mistrzostwa Polski Juniorow - II liga"]
[Site "Sypniewo k. Jastrowia"]
[Date "2023-06-22"]
[Round "9.22"]
[White "Siwak, Aleksandra"]
[Black "Czarkowska, Dalia"]
[Result "1-0"]
[WhiteTitle "II"]
[BlackTitle "I"]
[WhiteElo "1172"]
[BlackElo "1253"]

1. e4 2. c6 3. d4 4. d5 5. exd5 6. cxd5 7. c4 8. Nf6 9. Nc3 10. Nc6 11. Bg5 12.
dxc4 13. Bxc4 14. Qxd4 15. Qxd4 16. Nxd4 17. O-O-O 18. Ne6 19. Bxf6 20. gxf6 21.
Bb5+ 22. Bd7 23. Bxd7+ 24. Kd8 25. Bxe6+ 26. Kc7 27. Bxf7 28. Bh6+ 29. Kb1 30.
a6 31. Nd5+ 32. Kc6 33. Nxe7+ 34. Kb6 35. Nf3 36. Rhf8 37. Bb3 38. Rab8 39. Rd6+
40. Ka7 41. Rd7 42. Kb6 43. Rhd1 44. Rfe8 45. Nd5+ 46. Ka7 47. Nxf6 48. Rec8 49.
Rxh7 50. Bf8 51. Nd7 52. Ra8 53. Bd5 54. Bb4 55. Nc5 56. Bxc5 57. Rxb7# 1-0

[Event "Druzynowe Mistrzostwa Polski Juniorow - II liga"]
[Site "Sypniewo k. Jastrowia"]
[Date "2023-06-22"]
[Round "9.23"]
[White "Walewska, Natalia"]
[Black "Pawlikowska, Ewa"]
[Result "1-0"]
[WhiteTitle "I"]
[BlackTitle "I"]
[WhiteElo "1267"]
[BlackElo "1325"]

1. c4 2. Nf6 3. d4 4. e6 5. Nc3 6. c5 7. dxc5 8. Bxc5 9. g3 10. O-O 11. Bg2 12.
Nc6 13. e3 14. a6 15. Nge2 16. Qc7 17. O-O 18. Rd8 19. e4 20. Rb8 21. b3 22. b5
23. cxb5 24. axb5 25. Bb2 26. Ne7 27. Rc1 28. Qb6 29. e5 30. Ng4 31. Ne4 32. Bxf2+
33. Nxf2 34. Ne3 35. Bd4 36. Nxd1 37. Bxb6 38. Rxb6 39. Rfxd1 40. d5 41. exd6
42. Rbxd6 43. Rxd6 44. Rxd6 45. Rd1 46. Rxd1+ 47. Nxd1 48. f6 49. Nd4 50. Bd7
51. Nc3 52. b4 53. Nce2 54. Kf7 55. Nc2 56. Nc6 57. Ned4 58. Nxd4 59. Nxd4 60.
e5 61. Nc2 62. Bf5 63. Nxb4 64. e4 65. Kf2 66. Ke6 67. Ke3 68. Ke5 69. Nc6+ 70.
Kd6 71. Nd4 72. Bg6 73. Bxe4 74. Bxe4 75. Kxe4 76. g6 77. g4 78. Ke7 79. Kd5 80.
Kd7 81. a4 82. Ke7 83. a5 84. Kd7 85. b4 86. Ke7 87. b5 88. Kd7 89. b6 90. Ke7
91. b7 92. Kd7 93. b8=Q 94. Ke7 95. Qc7+ 96. Ke8 97. Ke6 98. Kf8 99. Qf7# 1-0

[Event "Druzynowe Mistrzostwa Polski Juniorow - II liga"]
[Site "Sypniewo k. Jastrowia"]
[Date "2023-06-22"]
[Round "9.24"]
[White "Lechowski, Witold"]
[Black "Halhoul, Adam"]
[Result "1/2-1/2"]
[WhiteTitle "I"]
[BlackTitle "I"]
[WhiteElo "1635"]
[BlackElo "1759"]

1. Nf3 2. Nf6 3. g3 4. g6 5. Bg2 6. Bg7 7. O-O 8. O-O 9. d4 10. d6 11. c4 12. c6
13. Nc3 14. Qc7 15. e4 16. Nbd7 17. Re1 18. a5 19. h3 20. e5 21. Be3 22. exd4
23. Nxd4 24. Re8 25. Qc2 26. Nc5 27. Rad1 28. Be6 29. Ndb5 30. cxb5 31. Nxb5 32.
Qe7 33. Nxd6 34. Rec8 35. Nxc8 36. Rxc8 37. b3 38. Bd7 39. Bd4 40. Bc6 41. Re2
42. b6 43. Qb2 44. Ne8 45. Bxg7 46. Nxg7 47. Qd4 48. Nge6 49. Qd6 50. Qb7 51.
Qe5 52. Re8 53. f3 54. Nc7 55. Qf6 56. N7e6 57. Qe5 58. Nc7 59. Qf6 60. N7e6 61.
Qe5 1/2-1/2

[Event "Druzynowe Mistrzostwa Polski Juniorow - II liga"]
[Site "Sypniewo k. Jastrowia"]
[Date "2023-06-22"]
[Round "9.25"]
[White "Bednarczyk, Mateusz"]
[Black "Czak, Dominik"]
[Result "1/2-1/2"]
[WhiteTitle "I"]
[BlackTitle "I"]
[WhiteElo "1681"]
[BlackElo "1583"]

1. e4 2. c6 3. c4 4. d5 5. exd5 6. cxd5 7. cxd5 8. Nf6 9. Nc3 10. Nxd5 11. Bc4
12. Nb6 13. Bb3 14. Nc6 15. Nf3 16. Bf5 17. d4 18. e6 19. O-O 20. Be7 21. Be3
22. O-O 23. h3 24. Bf6 25. Qd2 26. Na5 27. Rfd1 28. Nxb3 29. axb3 30. Nd5 31.
Qe2 32. a6 33. Rac1 34. Rc8 35. Ne5 36. h6 37. Ng4 38. Bxg4 39. Qxg4 40. Nxe3
41. fxe3 42. Bg5 43. Rd3 44. Qb6 45. Qd1 46. Qc7 47. Ne2 48. Qd7 49. Rcc3 50.
Rfd8 51. Ng3 52. Be7 53. Ne4 54. Qd5 55. Nd2 56. f5 57. Nc4 58. Qb5 59. Ne5 60.
Bf6 61. Nf3 1/2-1/2

[Event "Druzynowe Mistrzostwa Polski Juniorow - II liga"]
[Site "Sypniewo k. Jastrowia"]
[Date "2023-06-22"]
[Round "9.26"]
[White "Galla, Wiktor"]
[Black "Sakharchuk, Aliaksandr"]
[Result "1-0"]
[WhiteTitle "II"]
[BlackTitle "II+"]
[WhiteElo "1479"]
[BlackElo "1509"]

1. Nf3 2. d5 3. e3 4. c5 5. d4 6. Nc6 7. dxc5 8. e5 9. Bb5 10. Bg4 11. Bxc6+ 12.
bxc6 13. h3 14. Bxf3 15. Qxf3 16. Bxc5 17. O-O 18. Ne7 19. b3 20. O-O 21. Bb2
22. Bd6 23. c4 24. Bc7 25. Rd1 26. f5 27. cxd5 28. cxd5 29. Nc3 30. e4 31. Qe2
32. Qd6 33. g3 34. a6 35. Rac1 36. Qe6 37. Na4 38. Bd6 39. Nb6 40. Rab8 41. Na4
42. Ra8 43. Nc5 44. Bxc5 45. Rxc5 46. g5 47. Qh5 48. h6 49. Rc7 50. Rf7 51. Rdc1
52. Kh7 53. Ba3 54. Kg8 55. Bxe7 56. Rxe7 57. R1c6 58. Qe5 59. Rg6+ 60. Kf7 61.
Rxg5+ 62. Ke6 63. Qxh6+ 64. Kf7 65. Qg6+ 66. Kf8 67. Qg8# 1-0

[Event "Druzynowe Mistrzostwa Polski Juniorow - II liga"]
[Site "Sypniewo k. Jastrowia"]
[Date "2023-06-22"]
[Round "9.27"]
[White "Nagly, Krzysztof"]
[Black "Pelczarski, Wojciech"]
[Result "1-0"]
[WhiteTitle "II"]
[BlackTitle "II"]
[WhiteElo "1459"]
[BlackElo "1398"]

1. e4 2. c6 3. Nc3 4. d5 5. Nf3 6. Bg4 7. h3 Bh5 8. g4 9. Bg6 10. exd5 11. cxd5
12. Ne5 13. Nc6 14. Nxg6 hxg6 15. d4 16. e6 17. a3 18. a6 19. Bf4 20. Qb6 21.
Ne2 22. Nf6 23. Bg2 24. Be7 25. b4 26. Rc8 27. O-O 28. O-O 29. Rc1 30. a5 31.
c3 Ne4 32. Bxe4 33. dxe4 34. Qb3 35. Nd8 36. Ng3 f5 37. g5 Nf7 38. h4 39. Rfd8
40. Rfd1 41. Bd6 42. Qxe6 43. Rc6 44. d5 45. Bxf4 46. dxc6 47. Bxc1 48. Rd7 Rxd7
49. Qe8+ Kh7 50. cxd7 51. Bf4 52. Nxf5 53. gxf5 54. Qxf7 55. Bc7 56. h5 57. Qd6
58. Qxf5+ Kg8 59. g6 60. Qe7 61. Kg2 62. b6 63. c4 64. axb4 65. axb4 66. Bd8 67.
c5 68. bxc5 69. bxc5 70. Bc7 71. Qd5+ 72. Kf8 73. c6 74. Bd8 75. Qf5+ 76. Kg8
77. Qf4 78. Ba5 79. c7 80. Bxc7 81. Qxc7 82. Qg5+ 83. Qg3 84. Qd8 85. Qe5 1-0

[Event "Druzynowe Mistrzostwa Polski Juniorow - II liga"]
[Site "Sypniewo k. Jastrowia"]
[Date "2023-06-22"]
[Round "9.28"]
[White "Janikowska, Wiktoria"]
[Black "Nagly, Malgorzata"]
[Result "1-0"]
[WhiteTitle "I+"]
[BlackTitle "II"]
[WhiteElo "1636"]
[BlackElo "1021"]

1. c4 2. e5 3. Nc3 4. f5 5. e3 6. Bb4 7. Qc2 8. Bxc3 9. Qxc3 10. d6 11. d4 12.
e4 13. Nh3 14. Nf6 15. Be2 c6 16. Nf4 17. c5 18. dxc5 19. dxc5 20. Bh5+ 21. g6
22. Qe5+ 23. Qe7 24. Qxe7+ 25. Kxe7 26. Bxg6 27. hxg6 28. Nxg6+ 29. Kf7 30. Nxh8+
31. Kg7 32. b3 33. Be6 34. Bb2 35. Nd7 36. O-O-O 37. Rxh8 38. f3 39. exf3 40.
gxf3 41. Rh3 42. Rdg1+ 43. Kf7 44. Rg3 45. Rh4 46. Rhg1 47. Nh5 48. Rg6 49. Rxh2
50. Rh6 51. Nf8 52. Rg5 53. Rh3 54. Rgxh5 55. Rxf3 56. Rf6+ 57. Ke8 58. Rh8 59.
Bf7 60. Rfh6 61. Rxe3 62. Bg7 63. f4 64. Bxf8 65. Re5 66. Bd6+ 67. Kd7 68. Bxe5
1-0

[Event "Druzynowe Mistrzostwa Polski Juniorow - II liga"]
[Site "Sypniewo k. Jastrowia"]
[Date "2023-06-22"]
[Round "9.30"]
[White "Stepinski, Piotr"]
[Black "Wilgosz, Szczepan"]
[Result "1-0"]
[WhiteTitle "I"]
[BlackTitle "I"]
[WhiteElo "1845"]
[BlackElo "1650"]

1. e4 2. c5 3. Nf3 4. d6 5. d4 6. cxd4 7. Nxd4 8. Nf6 9. Nc3 10. a6 11. h3 12.
e5 13. Nde2 14. h5 15. g3 16. Be7 17. Bg2 18. b5 19. Be3 20. Bb7 21. O-O 22. Nbd7
23. Nd5 24. Nxd5 25. exd5 26. Nb6 27. Bxb6 28. Qxb6 29. Qd3 30. O-O 31. Be4 32.
Bc8 33. Bf5 34. Bxf5 35. Qxf5 36. g6 37. Qd3 38. f5 39. c3 40. Bf6 41. Rad1 42.
Rac8 43. Kh1 44. b4 45. c4 46. Kf7 47. b3 48. Ke7 49. Qd2 50. Rh8 51. Nc1 52.
e4 53. Ne2 54. g5 55. Qc2 56. Be5 57. Rde1 58. Rhf8 59. f3 60. h4 61. fxe4 62.
f4 63. gxf4 64. gxf4 65. Qd3 66. Rf6 67. Qf3 68. Rg8 69. Rg1 70. Qd8 71. Rxg8
72. Qxg8 73. Rg1 74. Rg6 75. Rxg6 76. Qxg6 77. Qg2 78. Qh5 79. Ng1 80. Qd1 81.
Qg5+ 82. Kf7 83. Qxh4 84. Ke8 85. Qg4 86. Qb1 87. Qg6+ 88. Ke7 89. c5 90. Bd4
91. cxd6+ 92. Kf8 93. d7 94. Bb6 95. Qf6+ 96. Kg8 97. d8=Q+ 1-0

[Event "Druzynowe Mistrzostwa Polski Juniorow - II liga"]
[Site "Sypniewo k. Jastrowia"]
[Date "2023-06-22"]
[Round "9.31"]
[White "Marek, Grzegorz"]
[Black "Haladaj, Adam"]
[Result "1/2-1/2"]
[WhiteTitle "I"]
[BlackTitle "I"]
[WhiteElo "1651"]
[BlackElo "1620"]

1. e4 2. c5 3. Nc3 4. Nc6 5. d3 6. g6 7. Be3 8. d6 9. d4 10. cxd4 11. Bxd4 12.
Nxd4 13. Qxd4 14. Nf6 15. e5 16. dxe5 17. Bb5+ 18. Bd7 19. Qxe5 20. Bc6 21. Bxc6+
22. bxc6 23. Nf3 24. Bg7 25. Rd1 26. Qb8 27. Qxb8+ 28. Rxb8 29. b3 30. O-O 31.
O-O 32. Rfd8 33. Ne5 34. Rxd1 35. Rxd1 36. Rc8 37. Nc4 38. e6 39. a3 40. Nd5 41.
Ne2 42. Bf6 43. Kf1 44. Kf8 45. Ng3 46. Be7 47. Ne2 48. f6 49. Nd4 50. Kf7 51.
g3 52. Nb6 53. Nxb6 54. axb6 55. a4 56. e5 57. Nf3 58. Ke6 59. Ke2 60. b5 61.
Ra1 62. Ra8 63. Ne1 64. bxa4 65. bxa4 66. Ra6 67. f3 68. Kd6 69. Kd3 70. c5 71.
Kc4 72. Kc6 1/2-1/2

[Event "Druzynowe Mistrzostwa Polski Juniorow - II liga"]
[Site "Sypniewo k. Jastrowia"]
[Date "2023-06-22"]
[Round "9.32"]
[White "Gawlik, Olivier"]
[Black "Zajadlak, Milosz"]
[Result "1-0"]
[WhiteTitle "II+"]
[BlackTitle "II"]
[WhiteElo "1530"]
[BlackElo "1290"]

1. e4 2. e5 3. Nf3 4. Nc6 5. d4 6. exd4 7. Nxd4 8. Bc5 9. Be3 10. Qf6 11. Nb5 12.
Bxe3 13. fxe3 14. Qd8 15. Qg4 16. g6 17. Qf4 18. d6 19. N1c3 20. a6 21. Nd4 22.
Nxd4 23. exd4 24. Qf6 25. Qe3 26. Ne7 27. O-O-O 28. Be6 29. Be2 30. h6 31. Kb1
32. Qg5 33. Qf2 34. d5 35. h4 36. Qh5 37. Bxh5 38. gxh5 39. exd5 40. Nxd5 41.
Nxd5 42. Bxd5 43. Rhe1+ 44. Kd7 45. c4 46. Bxc4 47. d5 48. Rhf8 49. Qf5+ 50. Kd6
51. Qe5+ 52. Kc5 53. Qxc7+ 54. Kb4 55. Qb6+ 56. Bb5 57. Rd4# 1-0

[Event "Druzynowe Mistrzostwa Polski Juniorow - II liga"]
[Site "Sypniewo k. Jastrowia"]
[Date "2023-06-22"]
[Round "9.33"]
[White "Wasilko, Szymon"]
[Black "Skrzypiec, Franciszek"]
[Result "1/2-1/2"]
[WhiteTitle "II"]
[BlackTitle "II"]
[WhiteElo "1149"]
[BlackElo "1230"]

1. e4 2. c5 3. Nf3 4. Nc6 5. c3 6. d5 7. exd5 8. Qxd5 9. d4 10. Bf5 11. Be3 12.
cxd4 13. cxd4 14. Bxb1 15. Rxb1 16. e6 17. a3 18. a5 19. Be2 20. Nf6 21. O-O 22.
Be7 23. Ne5 24. O-O 25. Bf3 26. Qd6 27. Nxc6 28. bxc6 29. Qa4 30. Nd5 31. Rbc1
32. Rfc8 33. Bd2 34. Bd8 35. Rc2 36. Ra6 37. Be2 38. Nb6 39. Qb3 40. a4 41. Qb4
42. Qxb4 43. Bxb4 44. Ra7 45. Rfc1 46. Nd5 47. Rxc6 48. Rxc6 49. Rxc6 50. Rc7
51. Rxc7 52. Bxc7 53. Bb5 54. Nxb4 55. axb4 56. Bb6 57. Bxa4 58. Bxd4 59. b3 60.
Kf8 61. Kf1 62. Ke7 63. Ke2 64. Kd6 65. f3 66. Bc3 67. Be8 68. f5 69. b5 70. Bd4
71. Kd3 72. Bg1 73. h3 74. Kc5 75. Bd7 76. Kd6 77. Bc8 78. g6 79. f4 80. h6 81.
b4 82. Bh2 83. Kd4 1/2-1/2

[Event "Druzynowe Mistrzostwa Polski Juniorow - II liga"]
[Site "Sypniewo k. Jastrowia"]
[Date "2023-06-22"]
[Round "9.34"]
[White "Banasiak, Adrianna"]
[Black "Pietrzak, Emilia"]
[Result "0-1"]
[WhiteTitle "I"]
[BlackTitle "I+"]
[WhiteElo "1507"]
[BlackElo "1456"]

1. e4 2. c5 3. Nf3 Nc6 4. Bb5 5. d6 6. O-O 7. a6 8. Be2 9. e6 10. c3 11. Nf6 12.
d3 13. b5 14. Re1 15. Be7 16. h3 17. Bb7 18. Be3 19. O-O 20. Nbd2 21. Rc8 22.
Rc1 23. Qd7 24. a4 25. Rfd8 26. d4 27. cxd4 28. cxd4 29. Nb4 30. axb5 31. Rxc1
32. Qxc1 33. Rc8 34. Qb1 35. axb5 36. Bd1 37. Rc7 38. Bg5 39. Qc8 40. Bb3 41.
h6 42. Bh4 43. Kf8 44. Bxf6 45. Bxf6 46. e5 47. dxe5 48. dxe5 49. Bg5 50. Nxg5
51. hxg5 52. Qh7 53. Rc1 54. Rf1 55. Qc6 56. Nf3 57. Rxf1+ 58. Kxf1 59. Qc1+ 60.
Ne1 61. Qxb2 62. Qh8+ 63. Ke7 64. Qb8 65. Qxb3 66. Qxb7+ 67. Kd8 68. Qb8+ 69.
Ke7 70. Qc7+ 71. Ke8 72. Qc8+ 73. Ke7 74. Qb7+ 75. Kd8 76. Qxf7 77. Qc4+ 78. Kg1
79. Nc6 80. Qf8+ 81. Kc7 82. Qxg7+ 83. Kb6 84. Qxg5 85. b4 86. Qe3+ 87. Kb5 88.
Nd3 89. b3 90. h4 91. Qc2 92. h5 93. Qd1+ 94. Kh2 95. Qxh5+ 96. Kg3 97. Qg6+ 98.
Kf3 99. Qh5+ 100. Kg3 101. Qg6+ 102. Kf3 103. Qh5+ 104. g4 105. Qh3+ 106. Kf4
107. Qh6+ 108. g5 109. Qh4+ 110. Kf3 111. Nd4+ 112. Kg2 113. Qg4+ 114. Qg3 115.
Qe4+ 116. Kf1 117. Qh1+ 118. Qg1 119. Qh3+ 120. Qg2 121. Qxd3+ 122. Kg1 123. Nf3+
0-1

[Event "Druzynowe Mistrzostwa Polski Juniorow - II liga"]
[Site "Sypniewo k. Jastrowia"]
[Date "2023-06-22"]
[Round "9.36"]
[White "Kotula, Pawel"]
[Black "Krasniewski, Szymon"]
[Result "1/2-1/2"]
[WhiteTitle "I"]
[BlackTitle "I"]
[WhiteElo "1798"]
[BlackElo "1856"]

1. e4 2. g6 3. d4 4. Bg7 5. Nf3 6. d6 7. Bc4 8. a6 9. a4 10. Nc6 11. h3 12. e5
13. c3 14. exd4 15. cxd4 16. Nf6 17. Nc3 18. O-O 19. O-O 20. h6 21. d5 22. Ne5
23. Nxe5 24. dxe5 25. Be3 26. Ne8 27. Qd2 28. Nd6 29. Bd3 30. Qh4 31. f3 32. f5
33. f4 34. exf4 35. Rxf4 36. Qe7 37. exf5 38. Bxf5 39. Raf1 40. Rae8 41. R4f3
42. Bxd3 43. Qxd3 44. Nf5 45. Bf2 46. Qb4 47. Ne2 48. Qxa4 49. Bc5 50. Rf7 51.
g4 52. Qb5 53. Qxb5 54. axb5 55. gxf5 56. Rxe2 57. fxg6 58. Rxf3 59. Rxf3 60.
Rxb2 61. Re3 62. Bf6 63. Re6 64. Rc2 65. Be3 66. Kg7 67. Bxh6+ 68. Kxh6 69. Rxf6
70. b4 71. Rf3 72. Rc3 73. Rf4 74. b3 75. Rb4 76. Kxg6 77. Rxb7 78. Kf5 79. Kf2
80. Ke4 81. Ke2 82. Rxh3 83. Kd2 84. Rh2+ 85. Kc1 86. Rc2+ 87. Kb1 88. Kxd5 89.
Rxb3 90. Rh2 91. Rg3 92. c5 93. Rg4 94. c4 95. Kc1 96. Kc5 97. Rg3 98. Kb4 99.
Rf3 100. c3 101. Rf8 102. Rh1+ 103. Kc2 104. Rh2+ 105. Kc1 106. Rh1+ 1/2-1/2

[Event "Druzynowe Mistrzostwa Polski Juniorow - II liga"]
[Site "Sypniewo k. Jastrowia"]
[Date "2023-06-22"]
[Round "9.37"]
[White "Krasniewski, Maciej"]
[Black "Jania, Kamil"]
[Result "1-0"]
[WhiteTitle "I"]
[BlackTitle "II"]
[WhiteElo "1696"]
[BlackElo "1130"]

1. d4 2. d5 3. c4 4. Bf5 5. Nc3 6. e6 7. cxd5 8. exd5 9. Qb3 10. Nc6 11. Qxb7 12.
Nxd4 13. Nxd5 14. Nc2+ 15. Kd1 16. Ne7 17. Qxa8 18. Nxd5 19. Qxd8+ 20. Kxd8 21.
f3 22. Nxa1 23. e4 24. Bd7 25. exd5 26. Ba4+ 27. b3 28. Nxb3 29. axb3 30. Bxb3+
31. Ke1 32. Bb4+ 33. Bd2 34. Re8+ 35. Ne2 36. Bd6 37. Bc3 38. f6 39. Kd2 40. Bxd5
41. Nd4 42. c5 43. Nf5 44. Bf4+ 45. Kc2 46. Kc7 47. Bb5 48. Ra8 49. Ba5+ 50. Kb7
51. Ne7 52. a6 53. Ba4 54. Ra7 55. Nxd5 56. Be5 57. Rb1+ 58. Ka8 59. Bc6+ 60.
Rb7 61. Rxb7 62. h5 63. Nb6# 1-0